[Event "2nd Phase Kenya Qualifiers [World Olympiad] - Ladies Section"]
[Site "KCB Sports Club, Ruaraka; Nairobi"]
[Date "2022.01.14"]
[Round "4"]
[Board "6"]
[White "Gichoya, Michelle"]
[Black "Jumba, Gloria"]
[Result "0-1"]
[WhiteElo "1042"]
[BlackElo "1570"]
[PlyCount "120"]
[EventDate "2022.01.14"]
[EventRounds "6"]
[EventCountry "KEN"]

1. d4 d5 2. Nf3 Bf5 3. Bf4 Nf6 4. e3 e6 5. Bd3 Bxd3 6. cxd3 c6 7. Qb3 Qb6 8.
Nbd2 Be7 9. O-O Nbd7 10. Rac1 Nh5 11. Ne5 Nxf4 12. exf4 Nf6 13. a3 O-O 14. Rc2
Rfd8 15. Rfc1 Bd6 16. g3 Ne8 17. h4 h5 18. Nef3 Nc7 19. a4 Rd7 20. Ne5 Re7 21.
Rc3 Bb4 22. R3c2 Qxd4 23. Nef3 Qb6 24. Qa2 Na6 25. d4 Ba5 26. Qb1 g6 27. b3 Kg7
28. Kg2 Bb4 29. Qb2 Bd6 30. Ne5 Nb4 31. Rc3 Qxd4 32. Nef3 Qf6 33. Re1 Na6 34.
Ne5 Bc5 35. Rc2 Bd6 36. Ndf3 Nb4 37. Rd2 Rd8 38. Ng5 Bxe5 39. Rxe5 Rdd7 40. Qc3
Na6 41. Nh7 Qxe5 42. fxe5 Kxh7 43. b4 Nc7 44. Qc5 a6 45. f4 Ne8 46. Kf3 Ng7 47.
g4 Re8 48. b5 cxb5 49. axb5 axb5 50. Qxb5 Ree7 51. gxh5 gxh5 52. Qd3+ Kh6 53.
Rg2 Nf5 54. Kf2 Rc7 55. Rg5 Nxh4 56. Kg3 Ng6 57. Qf3 h4+ 58. Kg4 Re8 59. Qe3
Rc4 60. Qa3 Rec8  0-1

[Event "2nd Phase Kenya Qualifiers [World Olympiad] - Ladies Section"]
[Site "KCB Sports Club, Ruaraka; Nairobi"]
[Date "2022.01.14"]
[Round "4"]
[Board "7"]
[White "Karanja, Ether"]
[Black "Ngima, Cheryl"]
[Result "1-0"]
[WhiteElo "1224"]
[BlackElo "1353"]
[PlyCount "101"]
[EventDate "2022.01.14"]
[EventRounds "6"]
[EventCountry "KEN"]

1. d4 d5 2. Bf4 Nf6 3. e3 c5 4. c3 Nc6 5. Bd3 e6 6. Nf3 Bd6 7. Bg3 b6 8. Nbd2
Bb7 9. Qe2 Rc8 10. Ne5 Qc7 11. f4 g6 12. O-O O-O 13. a4 Ne7 14. Qf3 Nf5 15. Bf2
h5 16. Rfe1 Rfe8 17. Rac1 Bf8 18. g4 Nd6 19. Bh4 hxg4 20. Nxg4 Nxg4 21. Qxg4
Bg7 22. Kf2 Nf5 23. Nf3 Nxh4 24. Qxh4 Qe7 25. Qg4 cxd4 26. exd4 Qd7 27. Ra1 Bc6
28. Bc2 Qc7 29. Ne5 Re7 30. h4 Be8 31. Ke3 Bxe5 32. fxe5 Kf8 33. Qg5 Rd7 34.
Qf6 Qd8 35. Rf1 Qxf6 36. Rxf6 Ke7 37. Raf1 Kd8 38. Bd3 Re7 39. Bb5 Bxb5 40.
axb5 Rcc7 41. Kf4 Re8 42. Kg5 Rf8 43. Rxe6 fxe6 44. Rxf8+ Ke7 45. Rf6 Rc8 46.
Rxg6 Rh8 47. h5 Kf7 48. h6 Rh7 49. Rf6+ Ke7 50. Kg6 Rh8 51. Kg7  1-0

[Event "2nd Phase Kenya Qualifiers [World Olympiad] - Ladies Section"]
[Site "KCB Sports Club, Ruaraka; Nairobi"]
[Date "2022.01.14"]
[Round "4"]
[Board "9"]
[White "Francisca, Kagwiria"]
[Black "Njeri, Maureen Kirigo"]
[Result "1-0"]
[WhiteElo "1222"]
[BlackElo "1142"]
[PlyCount "127"]
[EventDate "2022.01.14"]
[EventRounds "6"]
[EventCountry "KEN"]

1. e4 Nf6 2. e5 Nd5 3. Nf3 d6 4. d4 Bg4 5. Bc4 e6 6. O-O Nb6 7. Be2 Nc6 8. Nc3
Be7 9. Bf4 O-O 10. d5 exd5 11. Nxd5 Nxd5 12. Qxd5 dxe5 13. Qxd8 Raxd8 14. Bg3
e4 15. Nd4 Bxe2 16. Nxe2 Bd6 17. c3 Bxg3 18. Nxg3 f5 19. Rad1 g6 20. Ne2 Rxd1
21. Rxd1 Rd8 22. Rxd8+ Nxd8 23. Nf4 g5 24. Nd5 Kf7 25. Nxc7 a6 26. Kf1 Kf6 27.
Ke2 f4 28. Nd5+ Ke5 29. Nb6 h6 30. Nd7+ Kd5 31. b3 Ke6 32. Nb6 Ke5 33. g3 Kf5
34. Nd5 Kg4 35. c4 Kh3 36. gxf4 gxf4 37. Nxf4+ Kxh2 38. Ke3 Kg1 39. Nh5 Kg2 40.
Ng3 Nc6 41. Nxe4 h5 42. f4 Nd8 43. f5 h4 44. f6 Nf7 45. a4 h3 46. Nf2 h2 47. b4
h1=Q 48. Nxh1 Kxh1 49. Kf4 Kg2 50. Kf5 Kf3 51. Ke6 Ng5+ 52. Kd7 Ke4 53. Kc7 Kd4
54. c5 Ke5 55. Kxb7 Kxf6 56. c6 Ne6 57. Kxa6 Ke7 58. b5 Kd8 59. Kb7 Nc5+ 60.
Kb8 Ne6 61. a5 Nc7 62. b6 Na6+ 63. Ka7 Nc5 64. b7  1-0

[Event "2nd Phase Kenya Qualifiers [World Olympiad] - Ladies Section"]
[Site "KCB Sports Club, Ruaraka; Nairobi"]
[Date "2022.01.14"]
[Round "5"]
[Board "1"]
[White "Madelta, Glenda"]
[Black "Wanjiru, Lucy"]
[Result "1-0"]
[WhiteElo "1455"]
[BlackElo "1586"]
[PlyCount "58"]
[EventDate "2022.01.14"]
[EventRounds "6"]
[EventCountry "KEN"]

1. d4 e6 2. Nc3 d5 3. Bf4 a6 4. e4 dxe4 5. Nxe4 Nf6 6. Bd3 Be7 7. Nf3 O-O 8.
O-O Nc6 9. c3 Nd5 10. Bg5 f6 11. Bd2 f5 12. Ng3 Qe8 13. Qe2 h6 14. Rfe1 Qf7 15.
c4 Ndb4 16. Bb1 a5 17. a3 Na6 18. d5 Nd8 19. Nxf5 Bf6 20. N5d4 exd5 21. cxd5
Nc5 22. Bc3 Bg4 23. Qc2 g5 24. Ba2 Qg7 25. Re3 Kh8 26. Rae1 b6 27. Ne5 Bxe5 28.
Rxe5 Nd7 29. Re7 Nf7  1-0

[Event "2nd Phase Kenya Qualifiers [World Olympiad] - Ladies Section"]
[Site "KCB Sports Club, Ruaraka; Nairobi"]
[Date "2022.01.14"]
[Round "5"]
[Board "2"]
[White "Mutisya, Jully"]
[Black "Matei, Veronicah"]
[Result "1-0"]
[WhiteElo "1344"]
[BlackElo "1287"]
[PlyCount "85"]
[EventDate "2022.01.14"]
[EventRounds "6"]
[EventCountry "KEN"]

1. d4 d5 2. Bf4 Nf6 3. e3 e6 4. Nf3 Bd6 5. Bg3 c5 6. c3 Nc6 7. Nbd2 b6 8. Ne5
Ne7 9. Bb5+ Nd7 10. Nxf7 Kxf7 11. Bxd6 c4 12. Nf3 Nf5 13. Bg3 Rf8 14. Bc6 Nxg3
15. hxg3 Rb8 16. Bxd7 Bxd7 17. Rxh7 Qf6 18. Qc2 Ke7 19. Ne5 Be8 20. f4 Kd6 21.
O-O-O a6 22. e4 Kc7 23. exd5 exd5 24. Rdh1 Kc8 25. Rh8 Kb7 26. Rxf8 Qxf8 27.
Qh7 Ka8 28. Qh8 Qf5 29. Qxg7 Ba4 30. Qg6 Qf8 31. Rh7 Rb7 32. Rxb7 Kxb7 33. Qf7+
Qxf7 34. Nxf7 Kc7 35. Kd2 Be8 36. Ne5 Kd6 37. Ke3 Ba4 38. f5 Ke7 39. g4 Bc2 40.
Nc6+ Kf6 41. Kf4 Be4 42. g5+ Kg7 43. g6  1-0

[Event "2nd Phase Kenya Qualifiers [World Olympiad] - Ladies Section"]
[Site "KCB Sports Club, Ruaraka; Nairobi"]
[Date "2022.01.14"]
[Round "5"]
[Board "3"]
[White "Obondo, Cynthia Awino"]
[Black "Nicole, Albright"]
[Result "0-1"]
[WhiteElo "1341"]
[BlackElo "1237"]
[PlyCount "68"]
[EventDate "2022.01.14"]
[EventRounds "6"]
[EventCountry "KEN"]

1. d4 Nf6 2. e3 e6 3. Bd3 b6 4. Nf3 Bb7 5. Nbd2 c5 6. O-O cxd4 7. exd4 Be7 8.
Ne5 d6 9. Nef3 Nbd7 10. Qe2 O-O 11. Re1 Qc7 12. c3 h6 13. Nf1 Bxf3 14. Qxf3 d5
15. Qh3 Bd6 16. Nd2 Nh7 17. g3 e5 18. dxe5 Nxe5 19. Bf1 Rfe8 20. f4 Qc5+ 21.
Kg2 Nc4 22. Nb3 Qc6 23. Nd4 Qc8 24. Rxe8+ Qxe8 25. Qf5 Nf6 26. b3 Ne3+ 27. Bxe3
Qxe3 28. Qd3 Qe7 29. Nf5 Qd7 30. Nxd6 Qxd6 31. Re1 Re8 32. Qd4 Qc6 33. Bd3 g6
34. Rxe8+ Qxe8  0-1

[Event "2nd Phase Kenya Qualifiers [World Olympiad] - Ladies Section"]
[Site "KCB Sports Club, Ruaraka; Nairobi"]
[Date "2022.01.14"]
[Round "5"]
[Board "4"]
[White "Jumba, Gloria"]
[Black "Francisca, Kagwiria"]
[Result "1/2-1/2"]
[WhiteElo "1570"]
[BlackElo "1222"]
[PlyCount "103"]
[EventDate "2022.01.14"]
[EventRounds "6"]
[EventCountry "KEN"]

1. d4 Nc6 2. Nf3 d6 3. g3 Bg4 4. Bg2 e5 5. d5 Nce7 6. c4 Nf6 7. Nc3 Ng6 8. Qb3
b6 9. Qa4+ Bd7 10. Qd1 Be7 11. O-O O-O 12. e4 h6 13. h3 Nh7 14. Nh2 f5 15. exf5
Bxf5 16. Ng4 Qc8 17. Kh2 Ng5 18. Bxg5 Bxg5 19. Ne4 Qd8 20. Qe2 Qe7 21. Ne3 Bd7
22. Rad1 Rad8 23. b4 Rf7 24. b5 Rdf8 25. Rd3 Bxe3 26. Qxe3 Qd8 27. Ra3 Qb8 28.
Ra4 a5 29. Ra3 Ne7 30. Qd2 Qe8 31. Qd1 Bf5 32. Qe2 Bxe4 33. Bxe4 Nf5 34. Bxf5
Rxf5 35. Re3 Qf7 36. Kg2 h5 37. Re4 g5 38. g4 hxg4 39. Rxg4 Kg7 40. Rg3 Kf6 41.
Rf3 Ke7 42. Rg3 Qf6 43. f3 Rf4 44. Rg1 Kd8 45. Qd3 Rd4 46. Qc2 Qf4 47. Qg6 Rxc4
48. Qxg5+ Qxg5 49. Rxg5 Rc2+ 50. Kh1 Rxf3 51. Rg8+ Ke7 52. R1g7+  1/2-1/2

[Event "2nd Phase Kenya Qualifiers [World Olympiad] - Ladies Section"]
[Site "KCB Sports Club, Ruaraka; Nairobi"]
[Date "2022.01.14"]
[Round "5"]
[Board "5"]
[White "Muthoni, Vivian"]
[Black "Karanja, Ether"]
[Result "1/2-1/2"]
[WhiteElo "1360"]
[BlackElo "1224"]
[PlyCount "80"]
[EventDate "2022.01.14"]
[EventRounds "6"]
[EventCountry "KEN"]

1. e4 e6 2. Nf3 d5 3. e5 c5 4. c3 Nc6 5. d4 Qb6 6. g3 cxd4 7. cxd4 Nge7 8. Nc3
Nf5 9. Bb5 Be7 10. O-O O-O 11. Bxc6 bxc6 12. Re1 h6 13. a3 c5 14. dxc5 Bxc5 15.
Qd2 a5 16. Na4 Qc6 17. Nxc5 Qxc5 18. b4 axb4 19. axb4 Qc6 20. Rxa8 Qxa8 21. Qf4
Qa7 22. g4 Ne7 23. h4 Ng6 24. Qg3 Bb7 25. h5 Ne7 26. g5 Nf5 27. Qg4 d4 28. Nh4
Nxh4 29. Qxh4 Kh7 30. gxh6 gxh6 31. Kh2 Rg8 32. Qf6 Rg2+ 33. Kh3 Bd5 34. Bxh6
Qa3+ 35. Be3 dxe3 36. Rxe3 Qa1 37. Rg3 Rxg3+ 38. Kxg3 Qa3+ 39. Kh2 Qf3 40. Qxf3
Bxf3  1/2-1/2

[Event "2nd Phase Kenya Qualifiers [World Olympiad] - Ladies Section"]
[Site "KCB Sports Club, Ruaraka; Nairobi"]
[Date "2022.01.14"]
[Round "5"]
[Board "6"]
[White "Kosgey, Sheila Jerop"]
[Black "Kimwere, Annete"]
[Result "1/2-1/2"]
[WhiteElo "1362"]
[BlackElo "1030"]
[PlyCount "77"]
[EventDate "2022.01.14"]
[EventRounds "6"]
[EventCountry "KEN"]

1. e4 e5 2. Nf3 Nc6 3. g3 Nf6 4. d3 d5 5. Nbd2 Bg4 6. Bg2 dxe4 7. dxe4 Bc5 8.
O-O O-O 9. c3 a5 10. Qc2 Re8 11. b3 Be6 12. Bb2 h6 13. Rad1 Qe7 14. h3 Nh5 15.
Kh2 Qf6 16. Nc4 Bxc4 17. bxc4 Rad8 18. Rxd8 Rxd8 19. Qe2 Qg6 20. Nh4 Qg5 21.
Bc1 Nf4 22. gxf4 Qxh4 23. f5 f6 24. Qg4 Qxg4 25. hxg4 Rd3 26. f4 Rxc3 27. fxe5
Nxe5 28. Bb2 Nxg4+ 29. Kh1 Rc2 30. Bc1 Rxa2 31. Bf4 c6 32. Rb1 a4 33. Bf1 Nf2+
34. Kh2 Nxe4+ 35. Kh3 Nc3 36. Rc1 Ne2 37. Bxe2 Rxe2 38. Kg3 a3 39. Kf3  1/2-1/2

[Event "2nd Phase Kenya Qualifiers [World Olympiad] - Ladies Section"]
[Site "KCB Sports Club, Ruaraka; Nairobi"]
[Date "2022.01.14"]
[Round "5"]
[Board "9"]
[White "Elizabeth, Cassidy Maina"]
[Black "Gichoya, Michelle"]
[Result "1-0"]
[WhiteElo "1290"]
[BlackElo "1042"]
[PlyCount "76"]
[EventDate "2022.01.14"]
[EventRounds "6"]
[EventCountry "KEN"]

1. e4 e5 2. Nc3 Nc6 3. Bc4 Bc5 4. d3 d6 5. f4 f5 6. Nf3 Nf6 7. Ng5 Rf8 8. Be6
h6 9. Bxc8 Qxc8 10. Nf3 fxe4 11. dxe4 Ng4 12. Rf1 exf4 13. Nd5 Qd7 14. Qd2 Qe6
15. Nxc7+ Kd7 16. Nxe6 Kxe6 17. Qd5+ Kd7 18. Qh5 Nge5 19. Nxe5+ dxe5 20. Qg4+
Kc7 21. Qxg7+ Be7 22. Qg4 Rad8 23. c3 Rd3 24. g3 fxg3 25. Rxf8 Bxf8 26. hxg3
Rd6 27. Ke2 b6 28. Be3 Be7 29. Qg7 Rd7 30. Bxh6 Bd8 31. Qg4 Be7 32. b4 Nb8 33.
Qe6 Nc6 34. b5 Nd8 35. Qxe5+ Bd6 36. Qd5 Bxg3 37. Qa8 a5 38. bxa6 Ne6  1-0

[Event "2nd Phase Kenya Qualifiers [World Olympiad] - Ladies Section"]
[Site "KCB Sports Club, Ruaraka; Nairobi"]
[Date "2022.01.14"]
[Round "6"]
[Board "3"]
[White "Obondo, Cynthia Awino"]
[Black "Kimani, Wanjiru"]
[Result "1-0"]
[WhiteElo "1341"]
[BlackElo "1155"]
[PlyCount "74"]
[EventDate "2022.01.14"]
[EventRounds "6"]
[EventCountry "KEN"]

1. d4 Nf6 2. e3 d5 3. Bd3 e6 4. Nf3 c5 5. b3 Nc6 6. O-O Bd6 7. Bb2 O-O 8. Nbd2
Bd7 9. Ne5 cxd4 10. exd4 Qb6 11. Ndf3 Rfe8 12. Ng5 Re7 13. a3 a5 14. c4 dxc4
15. Nxc4 Qc7 16. Nxd6 Qxd6 17. f4 h6 18. Ne4 Nxe4 19. Bxe4 f5 20. Bc2 Na7 21.
a4 Bc6 22. Qh5 Rf7 23. Rf2 Nc8 24. h3 Qd5 25. Re1 Ne7 26. Re5 Qd7 27. Ba3 Rf6
28. Bxe7 Qxe7 29. Bxf5 Rff8 30. Bd3 Be8 31. Qg4 Qd6 32. Bc4 Qxd4 33. Rxe6 Kh8
34. Qe2 Bc6 35. Qd2 Rad8 36. Qxa5 Qd1+ 37. Kh2 Qd4  1-0

[Event "2nd Phase Kenya Qualifiers [World Olympiad] - Ladies Section"]
[Site "KCB Sports Club, Ruaraka; Nairobi"]
[Date "2022.01.14"]
[Round "6"]
[Board "4"]
[White "Matei, Veronicah"]
[Black "Jumba, Gloria"]
[Result "1/2-1/2"]
[WhiteElo "1287"]
[BlackElo "1570"]
[PlyCount "94"]
[EventDate "2022.01.14"]
[EventRounds "6"]
[EventCountry "KEN"]

1. e4 e5 2. Nc3 Nf6 3. Bc4 Bc5 4. Nf3 h6 5. a4 Nc6 6. h3 d6 7. d3 a6 8. Bd2 Bd7
9. O-O O-O 10. Kh1 Bb4 11. Qe1 Qe8 12. Nh2 Bxc3 13. Bxc3 Be6 14. Bxe6 fxe6 15.
Nf3 Qh5 16. Nh2 g5 17. f3 Kh7 18. b4 b5 19. Qb1 Nd4 20. Bd2 Ne2 21. Rf2 Nf4 22.
Qb3 Qe8 23. Rff1 Qd7 24. Ra2 N6h5 25. Rfa1 Ne2 26. Ng4 Nd4 27. Qc3 Rab8 28.
axb5 axb5 29. Ra7 Rf7 30. Be3 Ng3+ 31. Kh2 Nge2 32. Qb2 Qc6 33. Bxd4 exd4 34.
Qb3 Re7 35. R1a6 Rb6 36. Ra5 Qc3 37. Qxc3 Nxc3 38. Ra8 Kg7 39. R5a7 e5 40. Rc8
Rc6 41. Raa8 h5 42. Rg8+ Kf7 43. Nh6+ Ke6 44. Rad8 Rh7 45. Rge8+ Re7 46. Rg8
Rh7 47. Nf5 Rf7  1/2-1/2

[Event "2nd Phase Kenya Qualifiers [World Olympiad] - Ladies Section"]
[Site "KCB Sports Club, Ruaraka; Nairobi"]
[Date "2022.01.14"]
[Round "6"]
[Board "5"]
[White "Karanja, Ether"]
[Black "Elizabeth, Cassidy Maina"]
[Result "0-1"]
[WhiteElo "1224"]
[BlackElo "1290"]
[PlyCount "52"]
[EventDate "2022.01.14"]
[EventRounds "6"]
[EventCountry "KEN"]

1. d4 Nf6 2. Bf4 g6 3. e3 Bg7 4. Bd3 O-O 5. Nf3 d6 6. h3 Nbd7 7. c3 Nd5 8. Bh2
e5 9. dxe5 dxe5 10. Bxg6 fxg6 11. Qxd5+ Kh8 12. Bxe5 Nxe5 13. Qxd8 Rxd8 14. Nd4
Nd3+ 15. Ke2 Bxd4 16. cxd4 Nxb2 17. Nc3 b6 18. Rab1 Ba6+ 19. Kd2 Nc4+ 20. Ke1
Rd7 21. Ne4 Kg7 22. Nd2 Re8 23. Nxc4 Bxc4 24. a3 Rxd4 25. Rd1 Rxd1+ 26. Kxd1
Rd8+  0-1

[Event "2nd Phase Kenya Qualifiers [World Olympiad] - Ladies Section"]
[Site "KCB Sports Club, Ruaraka; Nairobi"]
[Date "2022.01.14"]
[Round "6"]
[Board "7"]
[White "Francisca, Kagwiria"]
[Black "Muthoni, Vivian"]
[Result "0-1"]
[WhiteElo "1222"]
[BlackElo "1360"]
[PlyCount "76"]
[EventDate "2022.01.14"]
[EventRounds "6"]
[EventCountry "KEN"]

1. e4 e5 2. Bc4 Nc6 3. Nf3 d6 4. d4 Bg4 5. dxe5 Bxf3 6. Qxf3 Nxe5 7. Qb3 Nxc4
8. Qxc4 a6 9. Nc3 c6 10. O-O Be7 11. f4 Nh6 12. Be3 O-O 13. Qe2 f6 14. Qh5 Qe8
15. Qh3 f5 16. Rae1 Rd8 17. Bb6 Rd7 18. exf5 Nxf5 19. g4 Nh6 20. f5 Kh8 21. g5
Ng8 22. g6 h6 23. Rf4 d5 24. Kh1 Qb8 25. Rxe7 Rxe7 26. Rh4 Re1+ 27. Kg2 Re5 28.
Bd4 Rfxf5 29. Bxe5 Qxe5 30. Rg4 b5 31. Qd3 c5 32. b3 Nf6 33. Rg3 Nh5 34. Qe3
Nxg3 35. Qxc5 Qe8 36. hxg3 Qxg6 37. Nxd5 Qe6 38. g4 Qe2+  0-1

[Event "2nd Phase Kenya Qualifiers [World Olympiad] - Ladies Section"]
[Site "KCB Sports Club, Ruaraka; Nairobi"]
[Date "2022.01.14"]
[Round "6"]
[Board "11"]
[White "Gichoya, Michelle"]
[Black "Gikandi, Bernice Wambui"]
[Result "0-1"]
[WhiteElo "1042"]
[BlackElo "1156"]
[PlyCount "74"]
[EventDate "2022.01.14"]
[EventRounds "6"]
[EventCountry "KEN"]

1. d4 d5 2. Nf3 Nf6 3. Bf4 Bf5 4. e3 e6 5. c4 c6 6. cxd5 cxd5 7. Qa4+ Nc6 8.
Bb5 Qb6 9. Ne5 Rc8 10. b3 a6 11. Bxc6+ bxc6 12. O-O Be7 13. Nd2 O-O 14. Rac1 c5
15. Bg5 cxd4 16. Bxf6 Bxf6 17. Nd7 Qa7 18. Nxf8 Rxf8 19. exd4 Bxd4 20. Rc6 Bf6
21. Rxa6 Qc7 22. Rc6 Qb7 23. Rfc1 h6 24. Rc7 Qb6 25. Rc8 Rxc8 26. Rxc8+ Kh7 27.
Rc6 Qb8 28. Nf3 e5 29. Nh4 Bxh4 30. Qxh4 d4 31. Qe7 Qa8 32. Rc1 e4 33. Qxf7 Bg6
34. Qd7 d3 35. Rc7 Qf8 36. a4 Qf6 37. a5 Qa1+  0-1